[Event "41st POL-ch (w)"]
[Site "Poznan POL"]
[Date "1989.??.??"]
[Round "15"]
[White "Sosnowska, Elzbieta"]
[Black "Erenska-Radzewska, Hanna"]
[Result "1/2-1/2"]
[WhiteElo "2120"]
[BlackElo "2285"]
[EventDate "1989.??.??"]
[PlyCount "98"]

1.e4 c6 2.d4 d5 3.Nd2 dxe4 4.Nxe4 Nd7 5.Ng5 Nb6 6.N1f3 g6 7.h4 Bg7 8.c3 h6
9.Ne4 Bg4 10.Be2 Nf6 11.Ng3 Qc7 12.Ne5 Be6 13.O-O Nfd7 14.Nd3 Bf6 15.Bf4 
Qc8 16.h5 g5 17.Be3 Bg7 18.f4 Qc7 19.Qe1 Nc4 20.Bc1 c5 21.b3 Nd6 22.Be3 c4
23.Ne5 gxf4 24.Bxf4 Nxe5 25.dxe5 Qc5+ 26.Qf2 Qxf2+ 27.Rxf2 Nb5 28.Bxc4 
Nxc3 29.Rc1 Bxc4 30.Rxc3 Be6 31.Rc7 b6 32.Rfc2 f6 33.exf6 Bxf6 34.Kh2 Bg4 
35.Rc1 Kf7 36.Rf1 Rhc8 37.Rxc8 Rxc8 38.Bxh6 Rh8 39.Bd2 Bxh5 40.Nxh5 Rxh5+ 
41.Kg1 Kg6 42.g3 Rd5 43.Be3 Rd3 44.Kf2 Rc3 45.Rd1 Be5 46.Kf3 Bf6 47.Ke4 
Rc6 48.Rd7 a6 49.Rb7 Re6+ 1/2-1/2

[Event "41st POL-ch (w)"]
[Site "Poznan POL"]
[Date "1989.??.??"]
[Round "15"]
[White "Szmacinska, Grazyna"]
[Black "Strzalka, Joanna"]
[Result "1-0"]
[WhiteElo "2215"]
[BlackElo "2160"]
[EventDate "1989.??.??"]
[PlyCount "93"]

1.d4 Nf6 2.c4 d6 3.Nc3 g6 4.e4 Bg7 5.f3 O-O 6.Be3 e5 7.d5 a5 8.Qd2 Na6 9.
Bd3 Nc5 10.Bc2 Bd7 11.Nge2 Qe8 12.O-O Nh5 13.g4 Nf6 14.h3 Kh8 15.Ng3 Ng8 
16.Kg2 f5 17.exf5 gxf5 18.Bxf5 Bxf5 19.Nxf5 Rxf5 20.gxf5 Qh5 21.Kh2 Qxf5 
22.Rg1 Ne7 23.Rg3 Ng6 24.Bxc5 dxc5 25.Ne4 Nh4 26.Rf1 Rf8 27.Qe3 Qh5 28.Qg5
Qxg5 29.Nxg5 e4 30.f4 Nf5 31.Nxe4 Nxg3 32.Kxg3 b6 33.b3 h6 34.Kg4 Kh7 35.
Re1 Kg6 36.Ng3 Rf7 37.Re6+ Kh7 38.h4 Bc3 39.h5 Rg7+ 40.Kf3 Rf7 41.Ke4 Bg7 
42.Nf5 Bf8 43.Re8 Bg7 44.Nxg7 Kxg7 45.Ke5 Rd7 46.f5 Rf7 47.Re6 1-0

[Event "41st POL-ch (w)"]
[Site "Poznan POL"]
[Date "1989.??.??"]
[Round "15"]
[White "Wiese-Jozwiak, Malgorzata"]
[Black "Klusek, Danuta"]
[Result "1-0"]
[WhiteElo "2270"]
[BlackElo "2145"]
[EventDate "1989.??.??"]
[PlyCount "74"]

1.e4 c5 2.Nf3 Nc6 3.d4 cxd4 4.Nxd4 g6 5.c4 Bg7 6.Be3 Nf6 7.Nc3 Ng4 8.Qxg4 
Nxd4 9.Qd1 Ne6 10.Rc1 d6 11.b4 Bd7 12.Be2 O-O 13.O-O a5 14.a3 axb4 15.axb4
Ra3 16.Nd5 Re8 17.Qd2 Bc6 18.h4 Qb8 19.h5 b5 20.h6 Bh8 21.Rfd1 bxc4 22.
Bxc4 Ba4 23.Re1 Bb5 24.Qe2 Bxc4 25.Qxc4 Kf8 26.f4 Rxe3 27.Nxe3 Nxf4 28.Kh1
Qa7 29.Rc2 Nh5 30.Rf2 e6 31.g4 Ng3+ 32.Kg2 Bd4 33.Ra2 Qb6 34.Ra6 Qb7 35.
Qxd4 Nxe4 36.Ra7 e5 37.Rxb7 exd4 1-0